| 000 | 01176cam a22003491i 4500 | ||
|---|---|---|---|
| 002 | 99599 | ||
| 005 | 20230410143451.0 | ||
| 008 | 791005s2005 cu a b 000 0 spa | ||
| 020 | _a9592601186 | ||
| 001 | 14aGN 564bJ41c 2005 | ||
| 082 | 0 | 0 | _a394.9 |
| 049 | _aGRAL | ||
| 100 | 1 | _aJáuregui, Carlos A. | |
| 245 | 1 | 0 |
_aCanibalia : _bcanibalismo, calibanismo, antropofagia cultural y consumo en América Latina / _cCarlos A. Jáuregui. |
| 260 |
_aLa Habana : _bFondo Editorial Casa de las Américas, _c2005. |
||
| 300 |
_a977 p., [32] p. de láminas : _bil. ; _c19 cm. |
||
| 586 | _aPremio Casa de las Américas 2005. | ||
| 650 | 0 |
_aCannibalism _zLatin America. |
|
| 650 | 0 | _aCannibalism in literature. | |
| 650 | 0 |
_aIndians _xPublic opinion. |
|
| 650 | 0 |
_aPublic opinion _zEurope. |
|
| 651 | 0 |
_aLatin America _xCivilization. |
|
| 651 | 0 |
_aLatin America _xColonization. |
|
| 651 | 4 |
_aCanibalismo _zAmérica Latina. |
|
| 650 | 4 |
_aIndígenas _xOpinión pública. |
|
| 650 | 4 | _aCanibalismo en la literatura. | |
| 651 | 4 |
_aAmérica Latina _xCivilización. |
|
| 651 | 4 |
_aAmérica Latina _xColonización. |
|
| 942 |
_2lcc _cbk |
||
| 994 |
_aC0 _bDRFGD |
||
| 946 | _aJPR | ||
| 999 |
_c102256 _d102256 |
||